| 000 | 01055cam a2200277 a 4500 | ||
|---|---|---|---|
| 999 |
_c21618 _d21618 |
||
| 001 | 16517784 | ||
| 005 | 20170121160155.0 | ||
| 008 | 101025s2011 at a b 001 0 eng | ||
| 010 | _a 2010485632 | ||
| 020 | _a9780538753098 (pbk.) | ||
| 020 | _a0538753099 (pbk.) | ||
| 050 | 0 | 0 | _aHD30.28 .H5865 2011 |
| 100 | 1 | _aHitt, Michael A. | |
| 245 | 1 | 0 |
_aStrategic management : _bcompetitiveness & globalization : concepts / _cMichael A. Hitt, R. Duane Ireland, Robert E. Hoskisson. |
| 250 | _a9th ed. | ||
| 260 |
_aAustralia ; _aMason, OH : _bSouth-Western Cengage Learning, _cc2011. |
||
| 300 |
_axxii, 402, I-23 p. : _bcol. ill. ; _c26 cm. |
||
| 504 | _aIncludes bibliographical references and indexes. | ||
| 650 | 0 |
_aStrategic planning _vCase studies. |
|
| 650 | 0 |
_aIndustrial management _vCase studies. |
|
| 700 | 1 | _aIreland, R. Duane. | |
| 700 | 1 | _aHoskisson, Robert E. | |
| 942 |
_2lcc _cBOOKS |
||